Normal view MARC view
  • Ascher, Steven.

Entry Personal Name

Number of records used in: 1

001 - CONTROL NUMBER

  • control field: 24471

003 - CONTROL NUMBER IDENTIFIER

  • control field: NUST

005 - DATE AND TIME OF LATEST TRANSACTION

  • control field: 20191021130127.0

008 - FIXED-LENGTH DATA ELEMENTS

  • fixed length control field: 191021|| aca||aabn | a|a d

040 ## - CATALOGING SOURCE

  • Original cataloging agency: NUST
  • Transcribing agency: NUST

100 ## - HEADING--PERSONAL NAME

  • Personal name: Ascher, Steven.

670 ## - SOURCE DATA FOUND

  • Source citation: Work cat.: (NUST)0: Ascher, Steven., The filmmaker's handbook :, 2007.
© 2023 Central Library, National University of Sciences and Technology. All Rights Reserved.